|
|
|
|
| LEADER |
03282nam a22003613i 4500 |
| 001 |
EBC31502955 |
| 003 |
MiAaPQ |
| 005 |
20240729202206.0 |
| 006 |
m o d | |
| 007 |
cr cnu|||||||| |
| 008 |
240729s2024 xx o ||||0 eng d |
| 020 |
|
|
|a 9789240086333
|q (electronic bk.)
|
| 035 |
|
|
|a (MiAaPQ)EBC31502955
|
| 035 |
|
|
|a (Au-PeEL)EBL31502955
|
| 040 |
|
|
|a MiAaPQ
|b eng
|e rda
|e pn
|c MiAaPQ
|d MiAaPQ
|
| 100 |
1 |
|
|a Cheng, Terence C.
|
| 245 |
1 |
0 |
|a Public Provision and Financing of Long-Term Care :
|b Case Studies in Middle- and High-income Countries.
|
| 250 |
|
|
|a 1st ed.
|
| 264 |
|
1 |
|a Geneva :
|b World Health Organization,
|c 2024.
|
| 264 |
|
4 |
|c Ã2024.
|
| 300 |
|
|
|a 1 online resource (84 pages)
|
| 336 |
|
|
|a text
|b txt
|2 rdacontent
|
| 337 |
|
|
|a computer
|b c
|2 rdamedia
|
| 338 |
|
|
|a online resource
|b cr
|2 rdacarrier
|
| 505 |
0 |
|
|a Intro -- Contents -- Acknowledgements -- Executive summary -- 1 Background -- 2 Classifying LTC financing systems -- 2.1 Study objectives and methods -- 2.2 Overview of included countries -- 2.3 Classification of public LTC financing systems: an overview -- 2.4 Public LTC financing classification and country summary -- 2.4.1 Mixed system of universal and means-tested programmes -- 2.4.2 Means-tested programmes -- 3 Public provision of LTC services and subsidies -- 3.1 Residential care homes -- 3.1.1 Availability -- 3.1.2 Eligibility -- 3.1.3 Benefits -- 3.1.4 Financing mechanisms and cost-sharing -- 3.2 Home- and community-based LTC care programmes -- 3.2.1 Governance arrangements and service providers -- 3.2.2 Eligibility -- 3.2.3 Services and benefits -- 3.2.4 Financing mechanisms and user contributions -- 4 Cash allowance programmes -- 5 LTCI programmes -- 5.1 LTCI in Japan, the Netherlands (Kingdom of the) and Singapore -- 5.2 LTCI pilots in China -- 5.2.1 Financing mechanism and revenue raising -- 5.2.2 Eligibility -- 5.2.3 Benefits and cost-sharing -- 5.2.4 Service provision -- 6 Assessing advantages and disadvantages -- 6.1 Means-tested versus universal coverage -- 6.1.1 Advantages and disadvantages -- 6.1.2 Public social insurance approach to financing universal LTC -- 6.1.3 Tax-based financing for universal LTC coverage -- 6.2 Direct provision versus purchasing -- 6.3 Centralized (national) versus decentralized (subnational) -- 6.4 Financing for medical care versus LTC -- 6.5 Leveraging government subsidies to incentivize LTC provision and access -- 6.5.1 Supply-side subsidies to service providers -- 6.5.2 Demand-side subsidies to service users -- 7 Summary and lessons learned for LMICs -- References.
|
| 588 |
|
|
|a Description based on publisher supplied metadata and other sources.
|
| 590 |
|
|
|a Electronic reproduction. Ann Arbor, Michigan : ProQuest Ebook Central, 2024. Available via World Wide Web. Access may be limited to ProQuest Ebook Central affiliated libraries.
|
| 655 |
|
4 |
|a Electronic books.
|
| 700 |
1 |
|
|a Yip, Winnie.
|
| 700 |
1 |
|
|a Feng, Zhanlian.
|
| 776 |
0 |
8 |
|i Print version:
|a Cheng, Terence C.
|t Public Provision and Financing of Long-Term Care: Case Studies in Middle- and High-income Countries
|d Geneva : World Health Organization,c2024
|
| 797 |
2 |
|
|a ProQuest (Firm)
|
| 856 |
4 |
0 |
|u https://ebookcentral.proquest.com/lib/matrademy/detail.action?docID=31502955
|z Click to View
|